Formule 1 - Groupe de 3 - Statistiques

Statistiques générales
  • Ce quiz a été pris 150 fois
  • Le résultat moyen est 20 sur 30
Statistiques - réponses
Catégories Les Hill champion
du monde
% Correct
Les 3 champions du monde les plus titrés Hamilton
96%
Les champions du monde brésiliens Senna
94%
Les Schumacher en Formule 1 Michael
93%
Les quadruples Champions du monde Verstappen
92%
Les quadruples Champions du monde Prost
90%
Les 3 champions du monde les plus titrés Schumacher
90%
Les 3 types de pneus slicks Medium
87%
Les Schumacher en Formule 1 Mick
87%
Les 3 types de pneus slicks Hard
86%
Les quadruples Champions du monde Vettel
86%
Les 3 types de pneus slicks Soft
81%
Les Schumacher en Formule 1 Ralf
75%
Les hill champions du monde Damon
74%
Les 3 champions du monde les plus titrés Fangio
65%
Les hill champions du monde Graham
64%
Les champions du monde brésiliens Piquet
64%
Eléments d'un hat trick La pole position
60%
La triple couronne Grand prix de monaco
57%
Eléments d'un hat trick La victoire en course
57%
Ecuries 2X championnes des constructeurs Renault
54%
Les champions du monde brésiliens Fittipaldi
53%
La triple couronne 500 miles d'Indianapolis
51%
La triple couronne 24 Heures du Mans
50%
Eléments d'un hat trick Le meilleur tour en course
49%
Les hill champions du monde Phil
47%
Nation ayant 1 seul titre au championnat du monde pilote Afrique Du Sud
45%
Nation ayant 1 seul titre au championnat du monde pilote Canada
36%
Nation ayant 1 seul titre au championnat du monde pilote Nouvelle Zélande
33%
Ecuries 2X championnes des constructeurs Brabham
23%
Ecuries 2X championnes des constructeurs Cooper
19%
Aucun quiz correspondant
Distribution des résultats
% des personnes avec chaque résultat
Percentile par nombre de réponses
Votre historique - résultats
Vous n’avez pas pris ce quiz